|
|
|
|
| LEADER |
006360000a22002050004500 |
| 020 |
|
|
|a 978-0-224-06163-6
|
| 082 |
|
|
|a 823 RUS/E P8
|
| 100 |
|
|
|a Rushdie, Salman; Author
|
| 245 |
|
|
|a The enchantress of Florence: a novel
|
| 250 |
|
|
|
| 260 |
|
|
|a London, Jonathan Cape
|e 2009
|
| 260 |
|
|
|c 2008
|
| 460 |
|
|
|a 359p
|
| 465 |
|
|
|a $18.99
|
| 500 |
|
|
|a Includes bibliographical references
|
| 500 |
|
|
|a Salman Rushdie
|
| 650 |
|
|
|a English fiction
|
| 942 |
|
|
|c BK
|
| 999 |
|
|
|c 40420
|d 40420
|
| 952 |
|
|
|0 0
|1 0
|4 0
|6 823_000000000000000_RUSE_P8
|7 0
|8 ENG
|9 40971
|a MGUL
|b MGUL
|d 2013-07-16
|e $18.99
|l 2
|m 1
|o 823 RUS/E P8
|p 39211
|r 2015-03-11
|s 2015-01-06
|w 2013-07-16
|y BK
|